Kassa egy európai város volt

Bibliographic Details
Main Author: Balassa, Zoltán, 1949- (Author)
Format: Article
Language:Hungarian
Subjects:

MARC

LEADER 00000nab a2200000 a 4500
001 vtls008703321
003 SK-MaSNL
005 20260319070457.0
008 060524 2006 xo | |000 0|hun
015 |a SNBRB2006/05 
038 |a KEVKJB 
040 |a KEVKJB  |b slo  |c KEVKJB  |e AACR2 
041 0 |a hun 
044 |a xo  |c SK 
080 |a 94  |x (=411.16)  |x (=437.6)  |2 2001 
100 1 |a Balassa, Zoltán,  |d 1949-  |4 aut  |9 502859 
245 1 0 |a Kassa egy európai város volt  |c Balassa Zoltán 
500 |a Článok obsahuje informáciu autora o dvoch publikáciách, ktoré mohli byť spomenuté v recenzovanej knihe 
600 1 7 |a Okroy, Michael  |t Košice boli európskym mestom  |2 kevkjb  |9 1075523 
650 0 7 |a Židia  |z Košice (Slovensko)  |z Prešov (Slovensko)  |x dejiny  |x publikácie  |2 kevkjb  |9 1075524 
651 7 |a Košice (Slovensko)  |2 kevkjb  |9 18694 
655 7 |a recenzie  |2 kevkjb  |9 21907 
773 0 |t Kassai Figyelő  |g Évf. IV, č. 5 (2006), o. 10-11 
852 |a KEVKJB  |b KIS3GCP 
958 |a HU 
958 |a RC 
999 |c 1768513  |d 1770443